000 00328nam a22001457a 4500
008 240126b ||||| |||| 00| 0 eng d
020 _a0805356576
041 _aeng
080 _21985
_a521
082 _a521LAM
100 _a19
101 _aASTRO
245 _aHIGH ENERGY ASTROPHYSICS
_cFREDERICK K.LAMB
942 _2udc
_cBK
999 _c60555
_d60555